Učitavanje...

Uyir vazhvathu unnale /

Bibliografski detalji
Glavni autor: Thamizh Vanan, Pseud
Jezik:Undetermined
Izdano: 1956.
LEADER 00376nam a2200121Ia 4500
001 56842
008 170722s9999 xx 000 0 und d
100 |a Thamizh Vanan, Pseud 
245 |a Uyir vazhvathu unnale / 
260 |c 1956. 
942 |c GEN 
999 |c 48254  |d 48254 
952 |0 0  |1 0  |4 0  |6 O_313NTH1U_J6  |7 0  |8 CR  |9 68114  |a LIB  |b LIB  |d 2017-08-12  |h CR  |o O31,3NTH1,U J6  |p 58983  |r 2017-08-12  |w 2017-08-12  |y GEN